Stati dell'Associazione degli Stati caraibici - Statistics

Statistiche generali
  • Questo quiz è stato fatto 18 volte
  • Il punteggio medio è 17 su 25
Statistiche sulle risposte
Continente Nazione % Corretto
America del Nord Cuba
93%
America del Nord Bahamas
86%
America del Nord Giamaica
86%
America del Nord Barbados
79%
America del Nord Saint Kitts e Nevis
79%
America del Nord Dominica
71%
America del Nord Grenada
71%
America del Nord Haiti
71%
America del Nord Repubblica Dominicana
71%
America del Nord Saint Lucia
71%
America del Nord Saint Vincent e Grenadine
71%
America del Nord Antigua e Barbuda
64%
America del Nord Honduras
64%
America del Nord Panama
64%
America del Nord Trinidad e Tobago
64%
America del Nord Belize
57%
America del Nord Costa Rica
57%
America del Nord El Salvador
57%
America del Nord Guatemala
57%
America del Sud Guyana
57%
America del Nord Messico
57%
America del Nord Nicaragua
57%
America del Sud Suriname
57%
America del Sud Colombia
50%
America del Sud Venezuela
50%
Nessun quiz corrispondente trovato
Distribuzione punteggi
Percentuale di utenti per punteggio
Percentile per numero di risposta
I tuoi punteggi nel tempo
Non hai fatto questo quiz